000 00474nam a2200181Ia 4500
001 11091
005 20260306161920.0
008 260306t1971||||xx |||||||||||||| ||spa||
041 _aESP
082 _a985.0061
_bY49
100 _aYepez Sanchez, Miguel
_eAUT
245 0 _aLa protección legal de los bienes artísticos e historicos de la nacion
260 _c1971
300 _a166 páginas :
_c21 cm.
650 _aGEN
654 _aCHU
942 _cLIB
_dJUS
_fJUS
_2ddc
_n
999 _c11091
_d11091